000 00336nam a2200133Ia 4500
008 151001s9999||||xx |||||||||||||| ||und||
100 _aगो. ना. दातार
245 _aअध:पतन
250 _a4
260 _bदा सा आणि मंडळी
260 _c1970
300 _a642
365 _b18
999 _c972932
_d972929